000 00585nam a22001817a 4500
005 20251108175900.0
008 250721s2023 xx 000 0 ara d
082 1 4 _a956.061/هند
100 1 _aالهنداوي، هنادي
245 1 0 _aالخلافه العباسيه في عهد الخليفه القادر بالله /
264 1 _aعمان :
_bعصور،
_c2023.
300 _a309ص.
650 1 7 _aالتاريخ الاسلامي
650 1 7 _aالخلافة العباسية
650 1 7 _aالخليفة القادر بالله
942 _2ddc
_cBK
999 _c144653
_d144653